| 000 | 00522nam a2200109Ia 4500 | ||
|---|---|---|---|
| 008 | 171212s9999 xx 000 0 und d | ||
| 100 | _aDaugherty, Lindsay;Goldman, Charles A.;Butterfield, Lindsay;Miller, Trey | ||
| 245 |
_cDaugherty, Lindsay;Goldman, Charles A.;Butterfield, Lindsay;Miller, Trey _aAssessing the Potential to Expand Community College Baccalaureate Programs in Texas _bExecutive Summary |
||
| 260 |
_bRAND Corporation _c2014 |
||
| 650 | _aEducation | ||
| 856 | _uhttp://www.jstor.org/stable/10.7249/j.ctt14bs316 | ||
| 999 |
_c351762 _d351762 |
||